000 00681nam a2200169Ia 4500
005 20250728154343.0
008 250728s9999 xx 000 0 und d
020 _a9780919838246
082 _a951.132
_bFUS
100 _aFoster, Harold D.
245 4 _aThe Dragon's Head
260 _bUBC Press
_c1998
300 _a352 pages
500 _aThis volume provides a comprehensive review of the geography of Shanghai. It is divided into three sections: an examination of the physical geography of the Yangtze River Delta; a review of the area's resources; and a focus on Shanghai's attempts to revitalize its infrastructure and economy.
650 _aHistory
942 _cENGLISH
999 _c577788
_d577788